000
00262nam a2200097Ia 4500
005
20250424112903.0
008
250424s9999 xx 000 0 und d
300
_a
164 p. :ill. ; 20 cm.
650
_a
Africa--History--1884-1960. Africa--History--1960-
942
_c
SR
999
_c
37709
_d
37709